Surprises according to Humphrey / (Record no. 2356)

MARC details
000 -LEADER
fixed length control field 01421cam a2200397 a 4500
001 - CONTROL NUMBER
control field 2356
003 - CONTROL NUMBER IDENTIFIER
control field FISKH
005 - DATE AND TIME OF LATEST TRANSACTION
control field 20231120090305.0
008 - FIXED-LENGTH DATA ELEMENTS--GENERAL INFORMATION
fixed length control field 070329s2008 nyu c 000 1 eng
010 ## - LIBRARY OF CONGRESS CONTROL NUMBER
LC control number 2007007457
020 ## - INTERNATIONAL STANDARD BOOK NUMBER
International Standard Book Number 9780399247309
020 ## - INTERNATIONAL STANDARD BOOK NUMBER
International Standard Book Number 9780571237173
020 ## - INTERNATIONAL STANDARD BOOK NUMBER
International Standard Book Number 0399247300
035 ## - SYSTEM CONTROL NUMBER
System control number (OCoLC)ocn122525542
035 ## - SYSTEM CONTROL NUMBER
System control number (OCoLC)122525542
040 ## - CATALOGING SOURCE
Original cataloging agency DLC
Transcribing agency DLC
Modifying agency IG#
-- BTCTA
-- BAKER
-- YDXCP
-- UPZ
-- ABG
-- LIQ
-- EHH
-- DLC
Language of cataloging eng
042 ## - AUTHENTICATION CODE
Authentication code lcac
-- lcac
050 00 - LIBRARY OF CONGRESS CALL NUMBER
Classification number PZ7.B5229
Item number Su 2008
082 00 - DEWEY DECIMAL CLASSIFICATION NUMBER
Classification number [Fic]
Edition number 22
100 1# - MAIN ENTRY--PERSONAL NAME
Personal name Birney, Betty G.
245 10 - TITLE STATEMENT
Title Surprises according to Humphrey /
Statement of responsibility, etc. Betty G. Birney.
260 ## - PUBLICATION, DISTRIBUTION, ETC.
Place of publication, distribution, etc. London :
Name of publisher, distributor, etc. Faber and Faber,
Date of publication, distribution, etc. 2008.
300 ## - PHYSICAL DESCRIPTION
Extent 154 pages ;
Dimensions 20 cm
505 ## - FORMATTED CONTENTS NOTE
Formatted contents note Q<br/>
520 ## - SUMMARY, ETC.
Summary, etc. While continuing to help his classmates solve their problems, Humphrey, pet hamster of Longfellow School's Room 26, faces many surprises, like rolling in a hamster ball, a substitute janitor who might be an alien, and the possibility of Mrs. Brisbane retiring.
521 8# - TARGET AUDIENCE NOTE
Target audience note 660<br/>
Source Lexile<br/>
521 8# - TARGET AUDIENCE NOTE
Target audience note Q<br/>
Source Raz-Plus<br/>
650 #0 - SUBJECT ADDED ENTRY--TOPICAL TERM
Topical term or geographic name entry element Hamsters
Form subdivision Juvenile fiction.
650 #0 - SUBJECT ADDED ENTRY--TOPICAL TERM
Topical term or geographic name entry element Schools
Form subdivision Juvenile fiction.
650 #0 - SUBJECT ADDED ENTRY--TOPICAL TERM
Topical term or geographic name entry element Interpersonal relations
Form subdivision Juvenile fiction.
650 #1 - SUBJECT ADDED ENTRY--TOPICAL TERM
Topical term or geographic name entry element Hamsters
Form subdivision Fiction.
650 #1 - SUBJECT ADDED ENTRY--TOPICAL TERM
Topical term or geographic name entry element Schools
Form subdivision Fiction.
650 #1 - SUBJECT ADDED ENTRY--TOPICAL TERM
Topical term or geographic name entry element Interpersonal relations
Form subdivision Fiction.
906 ## - LOCAL DATA ELEMENT F, LDF (RLIN)
a 7
b cbc
c orignew
d 1
e ecip
f 20
g y-gencatlg
942 ## - ADDED ENTRY ELEMENTS (KOHA)
Source of classification or shelving scheme Dewey Decimal Classification
Koha item type Books
Suppress in OPAC No
Holdings
Withdrawn status Lost status Source of classification or shelving scheme Damaged status Not for loan Collection Home library Current library Shelving location Date acquired Total Checkouts Full call number Barcode Date due Date last seen Date last checked out Price effective from Koha item type
    Dewey Decimal Classification     Juvenile Fiction Footprints International School Library Network Toul Kork Campus Footprints International School Library Network Toul Kork Campus TK Primary Library Room(4th Floor), Bookcase 5&6, Shelves 33-56, Orange Books 11/20/2023 2 BIR 813.54 PZ7.B5229 FISTKG3B070 11/25/2025 11/11/2025 11/11/2025 11/20/2023 Books